| 000 | | | 05682cbc2a2200253#x 450 |
| 001 | | | 56aca8f1-1303-4257-80ad-fc9b1d047ed0 |
| 005 | | | 20230309095235.0 |
| 100 | ## | $a | 20191114l18191820k l0rusy0189 ca |
| 101 | 0# | $a | rus |
| | $a | ita |
| | $a | fre |
| 102 | ## | $a | RU |
| 105 | ## | $a | y### |
| 122 | 2# | $a | d18190519## |
| | $a | d18200402## |
| 200 | 1# | $a | Отношения и переписка с русским генеральным консулом. Прошения, рапорты драгоманов и других служащих русского консульства в Египте. Заявления частных лиц, находящихся под покровительством России, а также и русских подданных, проживающих в Египте |
| | $j | 19 мая 1819 г. - 2 апреля 1820 г. |
| 215 | ## | $a | 36 листов |
| | $d | 37,5х26 см |
| 251 | ## | $c | Дело |
| 300 | ## | $a | Документы, относящиеся к служебной деятельности Дмитрия Васильевича Дашкова |
| 300 | ## | $a | На французском и итальянском языках |
| 371 | ## | $a | Документ не является опубликованным и широко распространяемым |
| 461 | #0 | $1 | 001d56981ab-9658-40a2-9016-82b8392d7b06 |
| | $1 | 2001 |
| | $a | Дашковы: Дмитрий Васильевич (1788-1839), советник русского посольства в Константинополе, товарищ министра внутренних дел, министр юстиции; его сыновья: Дмитрий Дмитриевич (1833-1901), земский деятель; Андрей Дмитриевич |
| | $1 | 251 |
| | $c | Фонд |
| | $1 | 852 |
| | $j | 1630 |
| 462 | #0 | $1 | 0015406667c-64fb-47ef-8cca-6b913b951ed1 |
| | $1 | 2001 |
| | $a | Документы, связанные со служебной деятельностью Д. В. Дашкова, личные документы, переписка и материалы об имуществе Дашковых |
| | $v | Д. 37 |
| | $1 | 251 |
| | $c | Опись |
| | $1 | 852 |
| | $j | 1 |
| 801 | #0 | $a | RU |
| | $b | РГИА |
| | $c | 20191114 |
| 801 | #1 | $a | RU |
| | $b | ГлавНИВЦ |
| | $c | 20191114 |
| | $2 | rusmarc |
| 801 | #2 | $a | RU |
| | $b | ПБ им. Б.Н. Ельцина |
| | $c | 20200909 |
| | $g | RCR |
| | $2 | rusmarc |
| 850 | ## | $a | Федеральное казенное учреждение "Российский государственный исторический архив" |
| 852 | ## | $a | РГИА |
| | $j | 37 |
| 937 | ## | $h | РГИА |
| | $d | 12324048 |
| | $a | ASBIBLIO_SCAN |
| 035 | ## | $a | RusGRCC00000502 |
| 856 | ## | $u | http://readingroom.main.prlib.ru/item.aspx?id_node=n147187083&mode=full |
| 607 | ## | $2 | prlib_sh |
| | $3 | LIBNET\UAF\0000106540 |
| | $a | Египет |
| | $j | Архивные дела |
| | $x | Взаимоотношения |
| | $y | Россия |
| | $z | 19 в. |
| 607 | ## | $2 | prlib_sh |
| | $3 | LIBNET\UAF\0000106541 |
| | $a | Россия |
| | $j | Архивные дела |
| | $x | Взаимоотношения |
| | $y | Египет |
| | $z | 19 в. |
| 617 | ## | $2 | prlib_sh |
| | $a | Египет |
| 605 | ## | $2 | acquisition_Prlib |
| | $3 | LIBNET\UAF\0000106523 |
| | $a | Россия и страны Африки: из истории взаимоотношений |
| | $l | коллекция |
| 686 | ## | $2 | rubbk |
| | $a | 63.3(2)5-64(6Еги)ю1 |
| | $v | LBC/M |
| 686 | ## | $2 | rubbk |
| | $a | 63.3(6Еги)5-64(2)ю1 |
| | $v | LBC/M |